Normal view MARC view
  • Schneewind, J. B.

Entry Personal Name

Number of records used in: 0

001 - CONTROL NUMBER

  • control field: 180568

003 - CONTROL NUMBER IDENTIFIER

  • control field: KE-NaSUL

005 - DATE AND TIME OF LATEST TRANSACTION

  • control field: 20250825215556.0

008 - FIXED-LENGTH DATA ELEMENTS

  • fixed length control field: 250825|| aca||aabn | a|a d

040 ## - CATALOGING SOURCE

  • Original cataloging agency: KE-NaSUL
  • Transcribing agency: KE-NaSUL

100 ## - HEADING--PERSONAL NAME

  • Personal name: Schneewind, J. B.
  • Fuller form of name: (Jerome B.),
  • Dates associated with a name: 1930-

670 ## - SOURCE DATA FOUND

  • Source citation: Work cat.: (KE-NaSUL)134123: Kant, Immanuel, 1724-1804. 35855, Groundwork for the metaphysics of morals, c2002.

© Strathmore University Library
Madaraka Estate, Ole Sangale Road | P. O. Box 59857 - 00200 City Square, Nairobi, Kenya
(+254) (0)703 034 000/200/300 | (+254) (0)20-607498